000 00406cam a2200157ua 4500
003 OSt
008 250707b |||||||| |||| 00| 0 eng d
041 _aeng
082 _a624.18341
_bFAB/SI
100 _aFaber , Oscar .
_97568
245 _aSimple examples of reinforced concrete design /
250 _a4 /
260 _aCalcutta :
_bOxford University Press ,
_c1958.
300 _a90 ; .
942 _cBK
999 _c2131
_d2131